Normal view
MARC view
- breaking free from self- limiting societal
Entry Geographic Name
001 - CONTROL NUMBER
- control field: 134445
003 - CONTROL NUMBER IDENTIFIER
- control field: NUST
005 - DATE AND TIME OF LATEST TRANSACTION
- control field: 20260513154813.0
008 - FIXED-LENGTH DATA ELEMENTS
- fixed length control field: 260513|| aca||aabn | a|a d
040 ## - CATALOGING SOURCE
- Original cataloging agency: NUST
- Transcribing agency: NUST
151 ## - HEADING--GEOGRAPHIC NAME
- Geographic name: breaking free from self- limiting societal
670 ## - SOURCE DATA FOUND
- Source citation: Work cat.: (NUST): Ruiz, Don Miguel 134443, The four agreements /, 1997
